2nd Letter 'A' Countries A-Z Quiz Stats

 Plays Quiz Updated Dec 27, 2018

Challenge
Share
Tweet
Embed
Score 0/15 Timer 01:00
11 Plays Today
1st 2 Letters Country % Correct
Ja-Jamaica, Japan
90.7%
Qa-Qatar
90.7%
Ca-Cameroon, Canada, ...
86.6%
Ma-Madagascar, Malaysia, ...
85.2%
Pa-Pakistan, Panama, ...
83.3%
La-Laos, Latvia
81.9%
Ba-Bahamas, Bangladesh, ...
80.1%
Za-Zambia
76.9%
1st 2 Letters Country % Correct
Ga-Gabon, (The) Gambia
73.4%
Ta-Tajikistan, Tanzania, ...
73%
Ha-Haiti
69.9%
Na-Namibia, Nauru
68.7%
Ka-Kazakhstan
68.6%
Va-Vanuatu, Vatican City
67%
Sa-Samoa, Saudi Arabia, ...
59.4%

You're not logged in!

Compare scores with friends on all Sporcle quizzes.
OR
Log In

You Might Also Like...

Show Comments

Extras

Top Quizzes Today


Score Distribution

Your Account Isn't Verified!

In order to create a playlist on Sporcle, you need to verify the email address you used during registration. Go to your Sporcle Settings to finish the process.

Report this User

Report this user for behavior that violates our Community Guidelines.

Details: